000 00586nam a2200181Ia 4500
008 100920s9999 xx 000 0 und d
082 _b153
_a--- थ 59
100 _aमाडखोलकर गजानन त्र्यंबक.
245 _aडाक बंगला.
260 _bदेशमुख आणि कंपनी, पुणे.
_c1959
300 _a87
_bसाधी
365 _b3
520 _aकादंबरी.
630 _aडाक बंगला.
650 _aकादंबरी.
730 _aडाक बंगला.
942 _cBOOK
999 _c671182
_d671179